|
|
|
|
| LEADER |
02042nam a2200421 a 4500 |
| 001 |
EBC408752 |
| 003 |
MiAaPQ |
| 005 |
20200520144314.0 |
| 006 |
m o d | |
| 007 |
cr cn||||||||| |
| 008 |
071226s2008 nyua sb 001 0 eng |
| 010 |
|
|
|z 2007052599
|
| 015 |
|
|
|a GBA799592
|2 bnb
|
| 016 |
7 |
|
|z 014464211
|2 Uk
|
| 020 |
|
|
|z 9780814480663 (pbk.)
|
| 020 |
|
|
|z 0814480667 (pbk.)
|
| 035 |
|
|
|a (MiAaPQ)EBC408752
|
| 035 |
|
|
|a (Au-PeEL)EBL408752
|
| 035 |
|
|
|a (CaPaEBR)ebr10271814
|
| 035 |
|
|
|a (CaONFJC)MIL127146
|
| 035 |
|
|
|a (OCoLC)560614800
|
| 040 |
|
|
|a MiAaPQ
|c MiAaPQ
|d MiAaPQ
|
| 050 |
|
4 |
|a HD58.6
|b .A27 2008
|
| 082 |
0 |
4 |
|a 302.3
|2 22
|
| 100 |
1 |
|
|a Acuff, Frank L.
|
| 245 |
1 |
0 |
|a How to negotiate anything with anyone anywhere around the world
|h [electronic resource] /
|c Frank L. Acuff.
|
| 246 |
3 |
0 |
|a Negotiate anything with anyone anywhere around the world
|
| 250 |
|
|
|a 3rd ed.
|
| 260 |
|
|
|a New York :
|b AMACOM/ American Management Association,
|c c2008.
|
| 300 |
|
|
|a xii, 307 p. :
|b ill.
|
| 504 |
|
|
|a Includes bibliographical references (p. 297) and index.
|
| 505 |
0 |
|
|a Negotiating in any language : how negotiations work -- What makes global negotiations different? -- Ten powerful strategies for negotiating around the world -- The four most difficult challenges faced by global negotiators (and how to deal with them) -- Negotiating in Western Europe -- Negotiating in Eastern Europe -- Negotiating in Latin America -- Negotiating in North America -- Negotiating in the Middle East and North Africa -- Negotiating in Asia and the Pacific Rim -- Negotiating in Sub-Saharan Africa.
|
| 533 |
|
|
|a Electronic reproduction. Ann Arbor, MI : ProQuest, 2015. Available via World Wide Web. Access may be limited to ProQuest affiliated libraries.
|
| 650 |
|
0 |
|a Negotiation in business.
|
| 650 |
|
0 |
|a International business enterprises
|x Management.
|
| 655 |
|
4 |
|a Electronic books.
|
| 710 |
2 |
|
|a ProQuest (Firm)
|
| 856 |
4 |
0 |
|u https://ebookcentral.proquest.com/lib/matrademy/detail.action?docID=408752
|z Click to View
|